000 00826nam a2200265 a 4500
001 BRCA_7585
005 20190320205912.0
008 210613s1956----u--a######---#000-0#eng-#
041 _aeng
044 _au
050 4 _aND673
_b.D7 1956
245 1 0 _aDrawings and oil sketches
_bRubens
_cintroduction by Agnes Mongan.
260 _aCambridge, Massachusetts
_bHarvard University Press
_c1956
300 _a42 p.
_bil., 48 láminas
_c28 cm.
440 0 _aAmerican Collections
_918710
500 _aS85
600 1 4 _aRubens, Peter Paul
_d1577-1640
_95125
650 1 4 _aDibujantes flamencos
_918711
650 1 4 _aPintores flamencos
_97571
650 1 4 _aDibujos
_xColecciones particulares
_918712
650 1 4 _aColeccionistas y colecciones
_918713
700 1 _aMongan, Agnes
_eintr.
_918714
902 _aGFM
942 _2lcc
_cB
999 _c7259
_d7259